000 00450nam a22001697a 4500
008 170612b xxu||||| |||| 00| p tur d
020 _a9789944860529
041 _atur
050 _aPL248.E6878
100 _aErgülen, Haydar
_9222
245 _aNar
_bToplu Şiirler 1
_cHaydar Ergülen
250 _a1. baskı
260 _aİstanbul
_bMerkez Kitapçılık
_cŞubat 2008
300 _a241 sayfa
650 0 _9145
_aTürk Edebiyatı
942 _2lcc
_cBK
999 _c379
_d374